VIII. Zásedání Ústředního výboru Svazu komunistů Srbska - přelomové datum moderní jugoslávské historie
| Titel: | VIII. Zásedání Ústředního výboru Svazu komunistů Srbska - přelomové datum moderní jugoslávské historie : Příspěvek k objasnění mocenského vzestupu Slobodana Miloševiće |
|---|---|
| Verfasser: | |
| In: |
Masarykova Univerzita. Filozofická Fakulta: Sborník prací Filozofické Fakulty Brněnské Univerzity. C, Řada historická, Band 53, Heft 51 (2004), Seite 179-194 alle Artikel anzeigen |
| Veröffentlicht: | 2004[2005] |
| Format: | Aufsatz |
| Sprache: | Tschechisch |
X
alg: 39348483 001A $01999:12-11-16 001B $01999:28-04-17 $t15:55:10.000 001C $06050:19-11-16 $t09:36:52.000 001D $01999:12-11-16 001U $0utf8 001X $00 002@ $0Aox 003@ $0393484831 007A $0393484831 $aHEB 007T $0Herdpp094206 010@ $acze 011@ $a2004 $n2004[2005] 021A $aVIII. Zásedání Ústředního výboru Svazu komunistů Srbska - přelomové datum moderní jugoslávské historie $dPříspěvek k objasnění mocenského vzestupu Slobodana Miloševiće 028A $aŠtěpánek $dVáclav 031A $d53 $e51 $h179-194 $j2004 037A $aRés. srb. s. 194: VIII sednica Centralnog komiteta Saveza komunista Srbije - prelomni datum u modernoj jugoslovenskoj istoriji. Prilog usponu političke moći Slobodana Miloševića 039B $aIn $8--Abvc--Masarykova Univerzita$bFilozofická Fakulta [Tb1]. Sborník prací Filozofické Fakulty Brněnské Univerzity. C, Řada historická. - Brno, 1991-2009. - ISSN 0068-2705 $x200400000530051821 $9048620106 045T $a7,41 lok: 39348483 78 exp: 39348483 78 1 #EPN 201B/01 $026-11-17 $t03:35:33.000 201U/01 $0utf8 203@/01 $0789595273 208@/01 $a12-11-16 $be 209A/01 $a/ $f000 $x00 220C/01 $aHerkunft: Hú Av Čr Praha 244Z/01 $#Tschechien $#Tschechische Republik $#Tschechische Republik $#Tschechenland $#Tschechei Tschechien $#Česká Republika $#Czech Republic $#ČR $74303381-7 $8--Tg1--Tschechien $x01 $9086659812 244Z/01 $2Trx $#Böhmen $#Bohemia $#Czechy $8--Trx--Čechy $x02 $9391188941 244Z/01 $aGeschichte 1984-1987 $x03 244Z/01 $aStambolić Ivan 1936-2000 $x04 244Z/01 $2Trx $8--Trx--Miloševic, Slobodan$Z1941-2006 $x05 $939089205X 244Z/01 $astrany politické, Svaz komunistů Srbska $x06 244Z/01 $2Trx $8--Trx--Zeitschriftenaufsatz $x07 $9391384341 247C/01 $82080>Marburg/Lahn, Herder-Institut, Forschungsbibliothek, Bibliographieportal $9336309341
| LEADER | 00000caa a22000002c 4500 | ||
|---|---|---|---|
| 001 | 393484831 | ||
| 003 | DE-603 | ||
| 005 | 20170428155510.0 | ||
| 007 | tu | ||
| 008 | 161112s2004 xx |||| | u00||u|cze c | ||
| 035 | |a (DE-599)HEB393484831 | ||
| 040 | |a DE-603 |b ger |c DE-603 |d DE-603 | ||
| 041 | |a cze | ||
| 084 | |a 7,41 |2 ssgn | ||
| 100 | 1 | |a Štěpánek, Václav | |
| 245 | 0 | 0 | |a VIII. Zásedání Ústředního výboru Svazu komunistů Srbska - přelomové datum moderní jugoslávské historie |b Příspěvek k objasnění mocenského vzestupu Slobodana Miloševiće |
| 264 | 0 | |c 2004[2005] | |
| 500 | |a Rés. srb. s. 194: VIII sednica Centralnog komiteta Saveza komunista Srbije - prelomni datum u modernoj jugoslovenskoj istoriji. Prilog usponu političke moći Slobodana Miloševića | ||
| 773 | 0 | 8 | |i In |a Masarykova Univerzita. Filozofická Fakulta |t Sborník prací Filozofické Fakulty Brněnské Univerzity. C, Řada historická |d Brno, 1991-2009 |x 0068-2705 |g Band 53, Heft 51 (2004), Seite 179-194 |w (DE-603)048620106 |w (DE-600)1139029-3 |
| 924 | 0 | |9 2080 |a (DE-603)789595273 |b DE-2080 |c HES |d d |g / | |


